Elégie

Bibliographic Details
Main Author: Hocquard, Emmanuel (Author)
Other Authors: Jurovská, Michaela, 1943- (Translator)
Format: Article
Language:Slovak
ISSN:0231-6269
Subjects:

MARC

LEADER 00000nab a2200000 a 4500
001 vtls000640788
003 SK-MaSNL
005 20260304094821.0
008 250425c1997 xo 0 slo
015 |a SNBRB19rr/mm-uuuuu 
035 |a CL0640927 
035 |a urn:nbn:sk:snk-abbr9j 
035 |a (urnnbn)urn:nbn:sk:snk:ar-0053z5 
035 |a (uuid)957f255f-34b3-4389-bcf5-5970a2812f4d 
040 |a SNKBUCL  |b slo  |c SNKBUCL  |e AACR2 
041 0 |a slo 
044 |a xo  |c SK 
080 |a 840-1  |2 1981 
100 1 |a Hocquard, Emmanuel  |4 aut  |9 902361 
245 1 0 |a Elégie  |c Emmanuel Hocquard ; Prekl. Michaela Jurovská 
500 |a Jednotlivé básne: Elégia druhá - IV. Elégia druhá - VI. Elégia piata - III. Elégia piata - IV. Elégia siedma - IV. 
650 0 7 |a elégie  |2 snkbucl  |9 440428 
655 7 |a články z novín a časopisov  |2 snkbucl  |9 267496 
700 1 |a Jurovská, Michaela,  |d 1943-  |4 trl  |9 12906 
773 0 |t Revue svetovej literatúry  |g Roč. 33, č. 3 (1997), s. 106-110  |x 0231-6269 
850 |a Slovenská národná knižnica 
852 |a Slovenská národná knižnica 
958 |a article15 
958 |a OND 
958 |a LX 
958 |a FR 
958 |a RK 
958 |a EUIPO 
992 |a RBX 
999 |c 2829112  |d 2831042